书目信息 |
| 题名: |
管理研究方法
|
|
| 作者: | 孙国强 主编 | |
| 分册: | ||
| 出版信息: | 上海 上海人民出版社 2007.07 |
|
| 页数: | 367页 | |
| 开本: | 24cm | |
| 丛书名: | 社会科学研究方法系列 | |
| 单 册: | ||
| 中图分类: | C93-3 | |
| 科图分类: | ||
| 主题词: | 管理学--guan li xue--研究方法--研究生--教材 | |
| 电子资源: | ||
| ISBN: | 978-7-208-07078-3 | |
| 000 | 01238nam 2200265 450 | |
| 001 | 012008408613 | |
| 005 | 20220920152900.81 | |
| 010 | @a978-7-208-07078-3@dCNY36.00 | |
| 100 | @a20080428d2007 em y0chiy0120 ea | |
| 101 | 0 | @achi |
| 102 | @aCN@b310000 | |
| 105 | @aak a 000yy | |
| 200 | 1 | @a管理研究方法@Aguan li yan jiu fang fa@d= Methodology of management research@f孙国强主编@Fsun guo qiang zhu bian@zeng |
| 210 | @a上海@c上海人民出版社@d2007.07 | |
| 215 | @a367页@c图@d24cm | |
| 225 | 2 | @a社会科学研究方法系列@Ashe hui ke xue yan jiu fang fa xi lie |
| 320 | @a有书目 (第365-367页) | |
| 330 | @a随着我国管理类研究生数量的迅速增长,研究生学位论文的质量越来越成为了大家关注的焦点。管理类研究生的学位论文应该写什么?应当如何做?其中最关键的问题是研究方法问题。这本《管理研究方法》就是要为这些问题寻求答案,有助于研究生在宏观层面上把握研究方法自身的发展历史与趋势、特点和局限性,掌握规范的研究方法,使管理研究能与国际接轨。 | |
| 410 | 0 | @12001 @a社会科学研究方法系列 |
| 510 | 1 | @aMethodology of management research@zeng |
| 606 | 0 | @a管理学@Aguan li xue@x研究方法@x研究生@j教材 |
| 690 | @aC93-3@v4 | |
| 701 | 0 | @a孙国强@Asun guo qiang@4主编 |
| 801 | 0 | @aCN@b河南城建学院图书馆@c20080428 |
| 905 | @b297904-05@dC93-3@eS915@f2 | |
| 管理研究方法= Methodology of management research/孙国强主编.-上海:上海人民出版社,2007.07 |
| 367页:图;24cm.-(社会科学研究方法系列) |
| ISBN 978-7-208-07078-3:CNY36.00 |
| 随着我国管理类研究生数量的迅速增长,研究生学位论文的质量越来越成为了大家关注的焦点。管理类研究生的学位论文应该写什么?应当如何做?其中最关键的问题是研究方法问题。这本《管理研究方法》就是要为这些问题寻求答案,有助于研究生在宏观层面上把握研究方法自身的发展历史与趋势、特点和局限性,掌握规范的研究方法,使管理研究能与国际接轨。 |
| ● |
| 相关链接 |
|
|
|
正题名:管理研究方法
索取号:C93-3/S915
 
预约/预借
| 序号 | 登录号 | 条形码 | 馆藏地/架位号 | 状态 | 备注 |
| 1 | 1505430 | 215054303 | 社科库509/ [索取号:C93-3/S915] | 在馆 | |
| 2 | 297904 | 202979045 | 社科库509/509社科库 64排3列5层/ [索取号:C93-3/S915] | 在馆 | |
| 3 | 297905 | 202979054 | 社科库509/509社科库 64排3列5层/ [索取号:C93-3/S915] | 在馆 |